000 00440nam a2200193Ia 4500
008 170918s9999 xx 000 0 und d
020 _a590992848
050 _bA938 1994
100 _aAustin, Virginia
245 _aSay please /
245 _cVirginia Austin.
260 _aNew York :
260 _bScholastic,
260 _c1994
300 _aunpaged :
300 _bcolored illustration ;
300 _c23cm.
500 _a710
999 _c342571
_d342571